000 01355cam a22003737a 4500
003 CHAP
005 20220329142150.0
008 000125d1999 mx r 00110 spa d
010 _a79459
011 _a80431
035 _a90882
040 _cCHAP
090 _aTesis
100 0 0 _aGarcía Zambrano, Roberto.
_946756
245 1 0 _aTransformaciones operativas y funcionales del sistema Banrural (1988-1998)
_c/por Roberto García Zambrano
260 _aChapingo, Méx. :
_bEl autor,
_c1999.
300 _a105 h.
502 _aTesis (Ing. Agr. Esp. en Sociología Rural) -- UACH. Departamento de Sociología Rural
590 _aALEPH
_b10
_c20130110
_lUCH01
_h1431
590 _aBATCH-UPD
_b10
_c20130110
_lUCH01
_h1845
590 _aBATCH-UPD
_b10
_c20130410
_lUCH01
_h1215
590 _aBATCH-UPD
_b10
_c20130914
_lUCH01
_h0532
590 _aBATCH-UPD
_b10
_c20130914
_lUCH01
_h2148
590 _aCONVERSION
_b10
_c20130109
_lUCH01
_h1344
650 1 4 _aBancos agrícolas
_xMéxico.
_99903
650 1 4 _aBancos y operaciones bancarias
_zMéxico.
_99926
650 1 4 _aCrédito agrícola
_zMéxico.
_929089
901 _aBK
905 _aLilia Sánchez G.
942 _cFOLL
949 _bBC
_cTES
_d33724000728101
_eTS2
_fc.2
_h34455
_i90882
_sb
949 _bBC
_cTES
_d33724000762464
_eTS2
_fc.3
_h35679
_i90882
_sb
949 _bBC
_cTES
_d908821
_eTS1
_h34454
_i90882
_sb
999 _c79459
_d79459